000 00499nam a2200145Ia 4500
008 151213s9999 xx 000 0 und d
100 _aমোবাশ্বের আলী।
245 _aগ্রীক ট্রাজেডি
_cমোবাশ্বের আলী।
260 _aঢাকা।
_bসাঈদ বারী।
_c2003
300 _a8698 p.
650 _aBangla
650 _aট্রাজেডি।
700 _aমোবাশ্বের আলী।
999 _c4484
_d4484